Ma double vie (Record no. 186557)
[ view plain ]
| 000 -LEADER | |
|---|---|
| campo de control de longitud fija | 00801nam a2200217 i 4500 |
| 001 - NÚMERO DE CONTROL | |
| campo de control | 186557 |
| 003 - IDENTIFICADOR DE NÚMERO DE CONTROL | |
| campo de control | SpMaBN |
| 005 - FECHA Y HORA DE LA ÚLTIMA TRANSACCIÓN | |
| campo de control | 20231218195042.0 |
| 008 - DATOS DE LONGITUD FIJA--INFORMACIÓN GENERAL | |
| campo de control de longitud fija | 161125s1980 fr f |||| |afre d |
| 020 ## - NÚMERO INTERNACIONAL ESTÁNDAR DEL LIBRO | |
| Número Internacional Estándar del Libro | 2-7210-0182-5 |
| 080 ## - NÚMERO DE LA CLASIFICACIÓN DECIMAL UNIVERSAL | |
| Número de la Clasificación Decimal Universal | 929 Bernhardt, Sarah |
| 100 1# - ENTRADA PRINCIPAL--NOMBRE DE PERSONA | |
| Nombre de persona | Bernhardt, Sarah, |
| Fechas asociadas al nombre | 1844-1923 |
| 9 (RLIN) | 28329 |
| 245 10 - MENCIÓN DEL TÍTULO | |
| Título | Ma double vie |
| Resto del título | : mémoires de Sarah Bernhardt / |
| Mención de responsabilidad, etc. | une édition féministe de Claudine Herrmann. |
| 246 3# - FORMA VARIANTE DEL TITULO | |
| Título propio/Titulo breve | Mémoires de Sarah Bernhardt |
| 260 ## - PUBLICACIÓN, DISTRIBUCIÓN, ETC. | |
| Lugar de publicación, distribución, etc. | [Paris] : |
| Nombre del editor, distribuidor, etc. | Des Femmes, |
| Fecha de publicación, distribución, etc. | [1980] |
| 300 ## - DESCRIPCIÓN FÍSICA | |
| Extensión | 2 v. (312, [8] p. de lám., 313, [4] p. de lám.) ; |
| Dimensiones | 18 cm. |
| 600 14 - PUNTO DE ACCESO ADICIONAL DE MATERIA--NOMBRE DE PERSONA | |
| Nombre de persona | Bernhardt, Sarah, |
| Fechas asociadas al nombre | 1844-1923- |
| Subdivisión general | Biografías |
| 9 (RLIN) | 28330 |
| 700 1# - ENTRADA AGREGADA--NOMBRE PERSONAL | |
| Nombre de persona | Herrmann, Claudine. |
| 9 (RLIN) | 161374 |
| 852 ## - LOCALIZACIÓN | |
| Ubicación | ES-MaACL |
| Número de control de estantería | L-30906-07 |
| Nota libre | . - Biblioteca Jacinto Martínez Lacalle |
| Estatus retirado | Estado de pérdida | Estado de daño | No para préstamo | Biblioteca de origen | Biblioteca actual | Ubicación en estantería | Fecha de adquisición | Fuente de adquisición | Total de préstamos | Signatura topográfica completa | Código de barras | Visto por última vez | Precio de reemplazo | Tipo de ítem Koha |
|---|---|---|---|---|---|---|---|---|---|---|---|---|---|---|
| Biblioteca del Ateneo de Madrid | Biblioteca del Ateneo de Madrid | Depósito 2 | 25/11/2016 | L-30906-07 | 1196725 | 23/02/2023 | 23/02/2023 | Libro impreso |
